Silete theologi in munere alieno: Alberico Gentili e la seconda scolastica

שמור ב:
מידע ביבליוגרפי
Main Authors: Ferronato, Marta (Author), Bianchin, Lucia (Author)
פורמט: ספר
שפה:איטלקית
יצא לאור: Milán CEDAM 2011
סדרה:Biblioteca di Lex Naturalis, 9
נושאים:
תגים: הוספת תג
אין תגיות, היה/י הראשונ/ה לתייג את הרשומה!

MARC

LEADER 00000cam a2200000 a 4500
001 UCF3804
003 CL-VaPUC
005 20210608001416.0
008 121031e20110000it 1 ita d
020 |a 9788813308070 
082 0 4 |a 349.45  |b FER  |2 21 
100 1 |a Ferronato, Marta  |e author  |9 621946 
700 1 |a Bianchin, Lucia  |e author  |9 621947 
245 1 0 |a Silete theologi in munere alieno: Alberico Gentili e la seconda scolastica 
260 |a Milán  |b CEDAM  |c 2011 
300 |a 412 P 
490 0 |a Biblioteca di Lex Naturalis, 9 
583 |a last modification  |c 20190910 10:36:46  |k Rodrigo Vera 
650 0 0 |a Historia del derecho  |9 255109 
650 0 7 |a HISTORIA DEL DERECHO ITALIANO  |2 CL-VaPUC  |9 621948 
650 0 0 |a Fuentes del derecho   |9 255162 
650 0 0 |a Derecho romano  |9 255930 
942 |c BK 
945 |a dcastane  |d 20121031 00:00:00 
546 |a En Italiano 
536 |a Università di Padova 
518 |p Convegno Internazionale Silete theologi in munere alieno: Alberico Gentili e la seconda scolastica, 1 , Padova, 22-22 de novembre de 2008 
999 |c 384712  |d 384710 
952 |0 0  |1 0  |4 0  |6 349_450000000000000_FER_2011  |7 0  |8 DER_HIS  |9 507636  |a BIBDER  |b BIBDER  |d 2020-01-23  |i 4818199  |o 349.45 FER 2011  |p 4818199  |r 2023-01-25  |w 2020-01-23  |x Ubicación 4to Piso  |y BK  |z Estos recursos deben solicitarse con anticipación  |k DER